000 00377nam a2200169Ia 4500
005 20250423101429.0
008 250422s9999 xx 000 0 und d
020 _a0-446-35683-2
050 _aPS 3569 .H3927 S26/
245 4 _aThe sands of time
260 _aNew York
260 _bWarner Books
260 _c1988
300 _a427 p
650 _aFiction
942 _cBK
999 _c36280
_d36280